Posvátná ekonomie peníze, dar a společnost ve věku změny

Guardado en:
Detalles Bibliográficos
Autor principal: Eisenstein, Charles
Formato: Libro
Lenguaje:checo
Publicado: Praha Malvern 2022
Edición:2. upravené vydání
Materias:
Etiquetas: Agregar Etiqueta
Sin Etiquetas, Sea el primero en etiquetar este registro!

MARC

LEADER 00000nam a2200000 4500
001 0300160
005 20240607082713.5
020 |a 978-80-7530-384-4 
041 0 |a cze 
044 |a CZ 
245 1 0 |a Posvátná ekonomie  |b peníze, dar a společnost ve věku změny  |c Charles Eisenstein 
250 |a 2. upravené vydání 
264 1 |a Praha  |b Malvern  |c 2022 
300 |a 430 s. 
610 2 0 |a veda ekonomická 
610 2 0 |a teórie ekonomické 
610 2 0 |a inflácia 
610 2 0 |a rozvoj trvalo udržateľný 
610 2 0 |a blahobyt 
610 2 0 |a úroveň životná 
610 2 0 |a investovanie 
100 1 |a Eisenstein, Charles